Quizzes
Events
Quiz Creation
Community
Videos
Private Events
Remove Ads
Sign In
Join for FREE
Feedback
Dark Mode
Quiz Categories
Sports
Geography
Music
Movies
Television
Just For Fun
Miscellaneous
History
Literature
Language
Science
Gaming
Entertainment
Religion
Holiday
For Kids
Quiz Lab
Recent
Popular Today
Quiz Kudos Today
Editor Picks
Curator Picks
Quizzes by...
Day
Popularity
Type
Ratings
Length
Year
Community
Subscriptions
Recent Discussions
Orange Saloon
Badges
Playlists
Quests
Create
Leaderboards
Showdown
Live 5
Trivia Bingo
Activity
Puzzle Library
Sporcle Events
Private Events
Virtual Trivia
Globe League
Become a Host
Pub Owners
SporcleCon
Opinionation
Our Games
Videos
Blog
Mobile Apps
Partnerships
Remove Ads and Go Orange
Feedback
Sports
Athletes
MLB
NBA
NHL
NFL
Soccer
Sports Teams
WWE
NCAA
Football
Premier League
Basketball
Baseball
Hockey
Golf
Tennis
Cricket
Rugby
Auto Racing
Olympics
World Cup
Sports
Athletes
MLB
NBA
NHL
NFL
Soccer
Sports Teams
WWE
NCAA
Football
Premier League
Basketball
Baseball
Hockey
Golf
Tennis
Cricket
Rugby
Auto Racing
Olympics
World Cup
Random Quiz
Search Sporcle
×
Quiz Lab
Quiz Lab
Sports
NFL
Type in answers that appear in a list
Type in answers that appear in a list
Classic
Best Score? Go Orange.
NFL Career INT Leaders 1980-2009 Stats
Can you name the NFL players with the intercepted the most passes from 1980 to 2009?
By
SporcleEXP
7m
20 Questions
313 Plays
313 Plays
313 Plays
Comments
Comments
Give Quiz Kudos
Give Quiz Kudos
-
- Ratings
hide this ad
Replay
Link that replays current quiz
Next Quiz
Link to next quiz in quiz playlist
You Got
0%
They Got
Avg Score
47%
Avg Friend Score
Upgrade to see
Score Distribution
Jump to the score distribution portion of the page
Score
0/20
Timer
07:00
0
Plays Today
Team(s)
Player
% Correct
OAK, GB
Charles Woodson
94.6%
PIT, SF, BAL, OAK
Rod Woodson
94.2%
BAL
Ed Reed
85%
ATL, SF, DAL, WAS, BAL
Deion Sanders
77.3%
WAS, DEN
Champ Bailey
74.8%
GB, MIN, NO
Darren Sharper
74.4%
WAS
Darrell Green
68.1%
SF, LARd, NYJ
Ronnie Lott
65.5%
NE, NYJ (2x), KC, DEN
Ty Law
59.4%
PHX/
ARI, STL
Aeneas Williams
58.8%
Team(s)
Player
% Correct
PHI, NO, OAK
Eric Allen
32.6%
PIT, SEA, GB
Dave Brown
30.7%
SEA, GB, ATL, CAR
Eugene Robinson
28.8%
DAL, NYG, CLE
Everson Walls
27.2%
KC
Deron Cherry
25.6%
MIA, PHI, BUF, WAS
Troy Vincent
20.4%
GB, MIA (2x), DEN, NE, NYJ, NYG
Terrell Buckley
17.9%
NYJ, KC, OAK
James Hasty
9.6%
IND, ATL, OAK
Ray Buchanan
7%
NO, SF, LARd
Dave Waymer
6.7%
Quiz Playlist
Details
Report
Send in Message
Add To Playlist
Classic:
Type in answers that appear in a list
Quiz Source
Last Updated: Feb 16, 2017
Quiz Scoreboard
CHALLENGE
Sign Up to Join the Scoreboard
Show All
Scores
Hide
Comments
May contain spoilers
Recently Published
Movies - When Are They Set?
by FPL_Elf
Movies
5m
Popular People in 1961
by mucciniale
History
6m
1-10 Letter E Words III
by El_Dandy
Language
2m
More to Explore
Quiz From the Vault
Featured Blog Post
Where Did the Easter Bunny Come From?
hide this ad
You Might Also Like...
Tags
NFL Quiz
1980
1980s
2009
Career
int
Interception
Player
team
Today's Top Quizzes in Sports
Browse Sports
hide this ad
Today's Top Quizzes in NFL
Browse NFL
Top Contributed Quizzes in Sports
1
Les meilleurs buteurs des matchs entre le PSG et l’OM
2
Les entraîneurs de l'OM et du PSG au 21e siècle
3
FIFA Club World Cup Champions
4
2022 World Cup Stars
5
Name the Premier League winners with different clubs
6
La finale Lions - Afrique du Sud 2021
7
Criteria MLB: Left Handed Sluggers
8
Players with Multiple 50 Home Run Seasons
9
MLB Players with Two .350 Batting Average Seasons
10
MLB Hall of Famer by Rings
Explore More
Trending Topics
NBA
Harry Potter
Marvel
Crossword
Kpop
Anime
Disney
The Office
WWE
Pokémon
Song
Country
NFL
Puzzle
Soccer
hide this ad
More By:
SporcleEXP
Quiz
Plays
Rating
Category
Featured
Created
Harry Potter Deaths in Order Minefield
3,067,992
4.18
Literature
Jan 27, 2016
Sins, Dwarfs, and Spice Girls
847,245
4.42
Just For Fun
Apr 11, 2012
Ancient History Bunker
708,010
4.28
History
Jan 20, 2014
Movie Posters VI
678,968
4.37
Movies
Nov 12, 2010
Movie Posters VII
621,793
4.44
Movies
Apr 16, 2011
Go to Creator's Profile
Score Distribution
Quiz Creator Spotlight
SporcleEXP
Follow
Send a Message
Quizzes Created
-
Created Quiz Play Count
-
More By This Creator
Popular Quizzes Today
1
Find the US States - No Outlines Minefield
2
Find the Countries of Europe - No Outlines Minefield
3
The Countries of the World
4
Popular People in 1961
5
1-10 Letter E Words III
6
US States
7
Find the US States
8
One Thing in Common: World Cities II
More Sports Quizzes
Premier League Number 7's 2018/19
Editor's Pick
Trending Quizzes
Risky Map Clicking: Least Populous States A-Z
1-10 Letter F Words
Humor Books: The Subtitles
1-10 Letter G Words
One Thing in Common: United Kingdom
Recently Updated
Leaping Animals
pecheneg
Reality TV Shows (A-Z)
bhenderson79
Rickey Henderson's Hall of Fame Teammates
pecheneg
Champions League XIs: Arsenal
pecheneg
Quick Pick: Celebrities in WWE's Hall of Fame
aduchscher
A-Z Keypad Blitz II
pecheneg
Multiple Oscar Actors
pecheneg
Mystery Phrase Blitz: Oscar 'Best Actors'
pecheneg
F. Scott Fitzgerald Novels
LTH
Pick 3 Villains
ddd62291
Trending Topics
Harry Potter
NBA
Disney
Kpop
Marvel
Crossword
Anime
Country
Song
WWE
Pokémon
Soccer
NFL
Puzzle
The Office
Your Account Isn't Verified!
In order to create a playlist on Sporcle, you need to verify the email address you used during registration. Go to your
Sporcle Settings
to finish the process.
Report this User
Report this user for behavior that violates our
Community Guidelines
.
Details:
Send Report
Go to the Sporcle.com Mobile Site →
Comments